How to invest today : A beginner's guide to the world of investments

The book purposes on today's world money management that introduces the novice to the many facets of investments in simple: bonds, securities, insurance, mutual funds, the stock market, real estate, options, retirement and estate planning, employee benefits...

Guardat en:
Dades bibliogràfiques
Format: Llibre
Idioma:Undetermined
Publicat: New York Henry Holt 1995
Matèries:
Etiquetes: Afegir etiqueta
Sense etiquetes, Sigues el primer a etiquetar aquest registre!
Thư viện lưu trữ: Trung tâm Học liệu Trường Đại học Cần Thơ
LEADER 00828nam a2200193Ia 4500
001 CTU_32167
008 210402s9999 xx 000 0 und d
020 |b 213.000đ 
082 |a 332.6 
082 |b H847 
245 0 |a How to invest today : 
245 2 |b A beginner's guide to the world of investments 
260 |a New York 
260 |b Henry Holt 
260 |c 1995 
520 |a The book purposes on today's world money management that introduces the novice to the many facets of investments in simple: bonds, securities, insurance, mutual funds, the stock market, real estate, options, retirement and estate planning, employee benefits... 
650 |a Estate planning,Finance, personal,Investments,Mutual funds,Securities 
904 |i Minh, QHieu (sửa) 
980 |a Trung tâm Học liệu Trường Đại học Cần Thơ